01361nam a22003498a 4500001001000000003000400010005001700014008004100031020002500072020002200097020002400119020002400143040003600167082002000203100003700223245009700260260009800357300003500455490004500490500002500535500002000560504003100580590002900611650004800640650005100688653002500739655002400764830004500788942002000833999001700853952014100870015611088OSt20141209133158.0100721s2011 xxkad frb 001 0 eng d a9780415592796 (hbk.) a0415592798 (hbk.) a9780415584142 (set) a9780203840351 (set) aStDuBDSbengcStDuBDSdEG-ScBUE00a332.15222bENS1 aEnsign, Margee M.,d1954-93683110aImages and behaviour of private bank lending to developing countries /cby Margee M. Ensign. aLondon ;aNew York, United States :bRoutledge,bGordon and breach science publishers,c2011. av. :bcharts, tables ;c24 cm.1 aRoutledge library editions.aDevelopment aIncludes appendixes. aIndex : p. 115. aBibliography : p. 101-114. aLibrary contain : V. 14. 0aLoans, ForeignzDeveloping countries936832 0aBanks and bankingzDeveloping countries936833 bBUSADMcDecember2014 vreading book934232 0aRoutledge library editions.pDevelopment 2ddck332.15 ENS c18736d18708 00102ddc40708BaccahaMAINbMAINc1STd2014-12-09epurchaseg546.00h20677l0o332.15 ENSp000037130r2025-07-15 00:00:00v682.50yBB